01021nam a2200253 450000100060000000300080000600500170001400800410003103500190007204000320009104100080012308200270013124501170015826000440027530000340031950400510035365000320040465000510043665100590048770000480054694200120059499900170060695201440062372273BD-RjUL20211209082235.0170516s1969 maua b 001 0 eng d a(BD-RjUL)72490 aDLCcDLCdUKMdBD-RjULbeng aeng a333.9162223bSYS 196900aSystems simulation for regional analysis :ban application to River-Basin planning /cH. R. Hamilton... [et al.] aCambridge, Mass. :bM.I.T. Press,c1969 axii, 407 p. :bill. ;c24 cm. aIndexes Bibliographical footnotes and Indexes. 0aSimulation methods.9213706 0aSocial sciences xMathematical models.9152861 0aSusquehanna River ValleyxEconomic conditions.92137071 aHamilton, H. R.q(Henry R.),d1932-9213708 2ddccBK c72273d72273 00102ddc40718NFICaRUCLbRUCLcReadingd1971-01-20eZeitlingerg140.00l0o333.9162 SYS 1969r2017-05-16 00:00:00tC-1w2017-05-16yBK